LIBRARY & INFORMATION CENTRE, KCAET, TAVANUR

ONLINE PUBLIC ACCESS CATALOGUE (OPAC)

Elements of mechanical engineering / (Record no. 5675)

MARC details
000 -LEADER
fixed length control field 00426cam a2200169ua 4500
041 ## - LANGUAGE CODE
Language code of text/sound track or separate title eng
082 ## - DEWEY DECIMAL CLASSIFICATION NUMBER
Classification number 621.8
Item number ROY/EL
100 ## - MAIN ENTRY--AUTHOR NAME
Personal name Roy, K P .
245 ## - TITLE STATEMENT
Title Elements of mechanical engineering /
250 ## - EDITION STATEMENT
Edition statement 1 /
260 ## - PUBLICATION, DISTRIBUTION, ETC. (IMPRINT)
Place of publication Mumbai :
Name of publisher Asia Publishing House ,
Year of publication 1965.
300 ## - PHYSICAL DESCRIPTION
Number of Pages 637 ; .
700 1# - ADDED ENTRY--PERSONAL NAME
Personal name Hajra Choudhury, S K .
942 ## - ADDED ENTRY ELEMENTS (KOHA)
Koha item type Books
Holdings
Withdrawn status Lost status Damaged status Home library Current library Date acquired Full call number Accession Number Koha item type
Withdrawn     KAUAET KAUAET 07/04/2012 621.8 8167 Books
free website counter